000 00767nam a2200205 i 4500
001 90900
003 ES-MaACL
005 20251116063057.0
007 t|
008 050125s1912 sp ||||1| spa d
100 1 _aLema, Salvador Bermúdez de Castro y O'Lawlor,
_cMarqués de
_971444
245 1 0 _aAntecedentes políticos y diplomáticos de los sucesos de 1808
_b: estudio histórico-crítico escrito en presencia de documentos ... /
_cpor el Marqués de Lema.
250 _a2ª ed.
260 _aMadrid :
_b[s.n.],
_c1912 (
_fJaime Ratés)
300 _a398 p. ;
_c22 cm.
505 8 _aContiene: T. I: 1801-1803
651 4 _aEspaña-
_xHistoria-
_y1808-1814, Guerra de la Independencia
_98244
852 _aES-MaACL
_jB-13601
999 _c90900
_d90900